ক্যাডেট কলেজ শিক্ষা : (Record no. 3154)
[ view plain ]
| 000 -LEADER | |
|---|---|
| fixed length control field | 00753nam a2200229 a 4500 |
| 001 - CONTROL NUMBER | |
| JCCL Control Number | 3154 |
| 003 - CONTROL NUMBER IDENTIFIER | |
| JCCL marc code | BD-JhCC |
| 005 - DATE AND TIME OF LATEST TRANSACTION | |
| control field | 20220602134022.0 |
| 008 - FIXED-LENGTH DATA ELEMENTS--GENERAL INFORMATION | |
| fixed length control field | 171111s2015 bg a|||| |||| 000 0 ben d |
| 020 ## - INTERNATIONAL STANDARD BOOK NUMBER | |
| International Standard Book Number | 9789843394392 |
| 035 ## - SYSTEM CONTROL NUMBER | |
| system control number | (BD-JhCC)3154 |
| 040 ## - CATALOGING SOURCE | |
| Original cataloging agency | BD-JhCC |
| Modifying agency | BD-JhCC |
| 041 ## - LANGUAGE CODE | |
| Language code of Book | ben |
| 082 ## - DEWEY DECIMAL CLASSIFICATION NUMBER | |
| Classification number | 378.196 |
| Author mark and Year | AZA 2015 |
| 100 ## - MAIN ENTRY--PERSONAL NAME | |
| Personal name | আজম, শফিকুল |
| 245 ## - TITLE STATEMENT | |
| Title | ক্যাডেট কলেজ শিক্ষা : |
| Remainder of title | স্বরুপ ও স্বাতন্ত্র্য / |
| Statement of responsibility, etc | শফিকুল আজম. |
| 260 ## - PUBLICATION, DISTRIBUTION, ETC. (IMPRINT) | |
| Place of publication, distribution, etc | ঢাকা : |
| Name of publisher, distributor, etc | নব অভিযান প্রকাশনী, |
| Date of publication, distribution, etc | 2015. |
| 300 ## - PHYSICAL DESCRIPTION | |
| Pagination | 252 p. : |
| Other physical details | ill., |
| Dimensions | 22 cm. |
| 650 ## - SUBJECT ADDED ENTRY--TOPICAL TERM | |
| Topical term or geographic name as entry element | Cadet College Education. |
| 942 ## - ADDED ENTRY ELEMENTS (KOHA) | |
| Source of classification or shelving scheme | Dewey Decimal Classification |
| Koha item type | Books |
| Koha issues (borrowed), all copies | 6 |
| Source of classification or shelving scheme | Damaged status | Not for loan | Home library | Current library | Shelving location | Date of accession | Cost, normal purchase price | Total Checkouts | Full call number | Barcode | Date last seen | Date checked out | Copy number | Koha item type | Method of acquisition | Currency |
|---|---|---|---|---|---|---|---|---|---|---|---|---|---|---|---|---|
| Dewey Decimal Classification | JCC Rouf Library | JCC Rouf Library | General Stacks | 11/11/2017 | 400.00 | 2 | 378.196 AZA 2015 | 3593 | 06/09/2022 | 06/02/2022 | C-1 | Books | ||||
| Dewey Decimal Classification | JCC Rouf Library | JCC Rouf Library | General Stacks | 11/15/2017 | 400.00 | 1 | 378.196 AZA 2015 | 2608 | 06/24/2025 | 06/17/2025 | C-2 | Books | ||||
| Dewey Decimal Classification | JCC Rouf Library | JCC Rouf Library | General Stacks | 11/15/2017 | 400.00 | 378.196 AZA 2015 | 2609 | 11/15/2017 | C-3 | Books | ||||||
| Dewey Decimal Classification | JCC Rouf Library | JCC Rouf Library | 11/15/2017 | 400.00 | 378.196 AZA 2015 | 2610 | 11/15/2017 | C-4 | Books | |||||||
| Dewey Decimal Classification | JCC Rouf Library | JCC Rouf Library | General Stacks | 11/15/2017 | 400.00 | 378.196 AZA 2015 | 2617 | 11/15/2017 | C-5 | Books | ||||||
| Dewey Decimal Classification | JCC Rouf Library | JCC Rouf Library | General Stacks | 11/15/2017 | 400.00 | 378.196 AZA 2015 | 2618 | 11/15/2017 | C-6 | Books | ||||||
| Dewey Decimal Classification | JCC Rouf Library | JCC Rouf Library | 11/15/2017 | 400.00 | 378.196 AZA 2015 | 2619 | 11/15/2017 | C-7 | Books | |||||||
| Dewey Decimal Classification | JCC Rouf Library | JCC Rouf Library | 11/15/2017 | 400.00 | 378.196 AZA 2015 | 2620 | 11/15/2017 | C-8 | Books | Purchase | ||||||
| Dewey Decimal Classification | JCC Rouf Library | JCC Rouf Library | 11/15/2017 | 400.00 | 378.196 AZA 2015 | 2604 | 11/15/2017 | C-9 | Books | |||||||
| Dewey Decimal Classification | JCC Rouf Library | JCC Rouf Library | 11/15/2017 | 400.00 | 2 | 378.196 AZA 2015 | 2605 | 04/09/2020 | 04/02/2020 | C-10 | Books | |||||
| Dewey Decimal Classification | JCC Rouf Library | JCC Rouf Library | 11/15/2017 | 400.00 | 1 | 378.196 AZA 2015 | 2606 | 04/07/2020 | 04/05/2020 | C-11 | Books | |||||
| Dewey Decimal Classification | JCC Rouf Library | JCC Rouf Library | 11/15/2017 | 400.00 | 378.196 AZA 2015 | 2612 | 11/15/2017 | C-12 | Books | |||||||
| Dewey Decimal Classification | JCC Rouf Library | JCC Rouf Library | 11/15/2017 | 400.00 | 378.196 AZA 2015 | 2611 | 11/15/2017 | C-13 | Books | |||||||
| Dewey Decimal Classification | JCC Rouf Library | JCC Rouf Library | General Stacks | 11/15/2017 | 400.00 | 378.196 AZA 2015 | 2616 | 11/15/2017 | C-14 | Books | ||||||
| Dewey Decimal Classification | JCC Rouf Library | JCC Rouf Library | General Stacks | 11/15/2017 | 400.00 | 378.196 AZA 2015 | 2615 | 11/15/2017 | C-15 | Books | ||||||
| Dewey Decimal Classification | JCC Rouf Library | JCC Rouf Library | General Stacks | 11/15/2017 | 400.00 | 378.196 AZA 2015 | 2614 | 11/15/2017 | C-16 | Books | ||||||
| Dewey Decimal Classification | JCC Rouf Library | JCC Rouf Library | General Stacks | 11/15/2017 | 400.00 | 378.196 AZA 2015 | 2613 | 11/15/2017 | C-17 | Books | ||||||
| Dewey Decimal Classification | JCC Rouf Library | JCC Rouf Library | General Stacks | 11/15/2017 | 400.00 | 1 | 378.196 AZA 2015 | 2607 | 10/13/2018 | 09/15/2018 | C-18 | Books | ||||
| Dewey Decimal Classification | JCC Rouf Library | JCC Rouf Library | General Stacks | 11/22/2017 | 400.00 | 1 | 378.196 AZA 2015 | 3971 | 05/28/2025 | 05/24/2025 | C-19 | Books |